Finančná kríza a tretí sektor diplomová práca

Guardado en:
Detalles Bibliográficos
Autor principal: Šimčíková, Stanislava
Autor Corporativo: Národohospodárska fakulta EU. Katedra financií
Otros Autores: Beličková, Kornélia, 1966-
Formato: Libro
Lenguaje:eslovaco
Publicado: Bratislava 2013
Etiquetas: Agregar Etiqueta
Sin Etiquetas, Sea el primero en etiquetar este registro!

MARC

LEADER 00000nbm a2200000 4500
001 0170540
005 20161109102353.1
041 0 |a slo 
044 |a SK 
245 1 0 |a Finančná kríza a tretí sektor  |b diplomová práca  |c Stanislava Šimčíková ; školiteľ: Kornélia Beličková 
264 1 |a Bratislava  |c 2013 
300 |a 81 s. 
100 1 |a Šimčíková, Stanislava 
700 1 |a Beličková, Kornélia, 1966- 
710 2 |a Národohospodárska fakulta EU. Katedra financií